SARASWATI NCERT SOLVED QUESTIONS PHYSICS (Record no. 671)
[ view plain ]
| 000 -LEADER | |
|---|---|
| fixed length control field | 00356nam a22001337a 4500 |
| 020 ## - INTERNATIONAL STANDARD BOOK NUMBER | |
| ISBN | 978-81-7335-810-4 |
| 082 ## - DEWEY DECIMAL CLASSIFICATION NUMBER | |
| Classification number | 530 |
| Item number | BAT/N |
| 100 ## - MAIN ENTRY--AUTHOR NAME | |
| Personal name | SUNIL BATRA |
| 245 ## - TITLE STATEMENT | |
| Title | SARASWATI NCERT SOLVED QUESTIONS PHYSICS |
| Remainder of title | CLASS XII |
| 260 ## - PUBLICATION, DISTRIBUTION, ETC. (IMPRINT) | |
| Place of publication | DELHI |
| Name of publisher | SARASWATI HOUSE PVT LTD |
| 300 ## - PHYSICAL DESCRIPTION | |
| Number of Pages | 104 |
| 650 ## - SUBJECT ADDED ENTRY--TOPICAL TERM | |
| Topical Term | PHYSICS SOLVED QUESTIONS FOR CLASS XII |
| Geographic subdivision | INDIA |
| 942 ## - ADDED ENTRY ELEMENTS (KOHA) | |
| Koha item type | Books |
| Withdrawn status | Lost status | Collection code | Home library | Current library | Shelving location | Date acquired | Source of acquisition | Full call number | Accession Number | Koha item type |
|---|---|---|---|---|---|---|---|---|---|---|
| Reference | Main Library | Main Library | SHELF-9 A XII PHYSICS | 28/06/2013 | purchase | 530 BAT/N | 07420 | Books |